[Event "España ch Sel. Autonomicas"]
[Site "Calvia ESP"]
[Date "2007.05.05"]
[Round "4.11"]
[White "Moreno Ruiz, Javier"]
[Black "Lopez Martinez, Josep Manuel"]
[Result "1/2-1/2"]
[PlyCount "139"]
[EventDate "2007.05.03"]
[EventType "team"]
[EventRounds "5"]
[EventCountry "ESP"]
[Source "lmi"]
[SourceDate "2007.05.03"]
[WhiteElo "2482"]
[BlackElo "2563"]

1. d4 Nf6 2. c4 c5 3. d5 b5 4. cxb5 a6 5. bxa6 g6 6. Nc3 Bxa6 7. Nf3 d6 8. g3
Bg7 9. Bg2 O-O 10. O-O Nbd7 11. Rb1 Qa5 12. Bd2 Rfb8 13. b3 Ne8 14. Qc2 Ra7 15.
a4 Rab7 16. Na2 Qc7 17. Rfe1 Nb6 18. e4 Qd7 19. a5 Na8 20. e5 Qf5 21. Qxf5 gxf5
22. Bf4 Bd3 23. Rbd1 Bc2 24. Rd2 Bxb3 25. Nh4 dxe5 26. Bxe5 Bxe5 27. Rxe5 Bc4
28. h3 Nd6 29. Nxf5 Kf8 30. Nc3 Rb3 31. Ne4 Bd3 32. Nexd6 exd6 33. Nxd6 Rd8 34.
Ne4 c4 35. Nc5 Rb1+ 36. Kh2 Bg6 37. Re3 Rb5 38. Na4 Rxa5 39. Nc3 Nb6 40. Rd4
Rc5 41. g4 Nc8 42. f4 Bd3 43. Na4 Rb5 44. Nc3 Rb2 45. Na4 Rc2 46. Rexd3 cxd3
47. Rxd3 Nd6 48. Nc3 Rb8 49. Nd1 Rb1 50. Ne3 Ra2 51. Kg3 Rg1 52. Kf3 Re1 53.
Kg3 f5 54. Bf3 Ne4+ 55. Kh4 Nf2 56. Rb3 fxg4 57. Nxg4 Nxg4 58. Bxg4 Rd2 59. Be6
Rg1 60. Rb8+ Ke7 61. Rb7+ Kf6 62. Rxh7 Rd4 63. Rf7+ Kg6 64. Rf8 Rf1 65. Kg3
Rd3+ 66. Kg2 Rdf3 67. Bg4 R1f2+ 68. Kg1 Rf1+ 69. Kg2 R1f2+ 70. Kg1 1/2-1/2

[Event "España ch Sel. Autonomicas"]
[Site "Calvia ESP"]
[Date "2007.05.05"]
[Round "4.12"]
[White "Narciso Dublan, Marc"]
[Black "Roa Alonso, Santiago"]
[Result "1-0"]
[PlyCount "99"]
[EventDate "2007.05.03"]
[EventType "team"]
[EventRounds "5"]
[EventCountry "ESP"]
[Source "lmi"]
[SourceDate "2007.05.03"]
[WhiteElo "2539"]
[BlackElo "2423"]

1. d4 Nf6 2. c4 g6 3. Nc3 Bg7 4. e4 d6 5. Be2 O-O 6. Nf3 e5 7. d5 a5 8. Bg5 h6
9. Bh4 Na6 10. Nd2 Qe8 11. O-O Nh7 12. a3 h5 13. f3 Bd7 14. Kh1 Bh6 15. b3 Be3
16. Qc2 f5 17. exf5 gxf5 18. Rae1 Qg6 19. Nd1 Bc5 20. Qb2 Rf7 21. Bf2 Rg7 22.
Rg1 Qh6 23. Nf1 h4 24. Bxc5 Nxc5 25. b4 axb4 26. axb4 Na4 27. Qc2 b6 28. Bd3
Rf8 29. Nde3 Qh5 30. h3 Qg5 31. Ra1 e4 32. fxe4 f4 33. Nf5 Bxf5 34. exf5 b5 35.
cxb5 Nb6 36. Nd2 Nf6 37. Nf3 Qg3 38. Rad1 Nh5 39. f6 Nxf6 40. Bf5 Kh8 41. Be6
Nh5 42. Rd4 Qg6 43. Qxg6 Rxg6 44. Kh2 Ng3 45. Re1 Rg7 46. Nxh4 Kh7 47. Nf3 Kh6
48. Bg4 Rgf7 49. Re6+ Kg7 50. Ng5 1-0

[Event "España ch Sel. Autonomicas"]
[Site "Calvia ESP"]
[Date "2007.05.05"]
[Round "4.13"]
[White "Candela Perez, Jose"]
[Black "Romero Holmes, Alfonso"]
[Result "1/2-1/2"]
[PlyCount "125"]
[EventDate "2007.05.03"]
[EventType "team"]
[EventRounds "5"]
[EventCountry "ESP"]
[Source "lmi"]
[SourceDate "2007.05.03"]
[WhiteElo "2390"]
[BlackElo "2517"]

1. d4 Nf6 2. c4 g6 3. Nc3 Bg7 4. e4 d6 5. Nf3 O-O 6. Be2 Bg4 7. Be3 Nfd7 8. Ng1
Bxe2 9. Ngxe2 c5 10. d5 Na6 11. O-O Nc7 12. Qd2 a6 13. a4 b5 14. axb5 axb5 15.
Nxb5 Nxb5 16. cxb5 Nb6 17. Bh6 Nc4 18. Qc2 Bxh6 19. Qxc4 Bg7 20. Nc3 Qb6 21. g3
Rfb8 22. Rxa8 Rxa8 23. Na4 Qa5 24. b3 Rf8 25. b6 Bd4 26. Kg2 f5 27. exf5 Rxf5
28. b7 Rf8 29. f4 Qd2+ 30. Kh3 Rb8 31. Qb5 Qc2 32. Re1 Qf5+ 33. Kg2 Qxd5+ 34.
Kh3 Qxb7 35. Qc4+ Kf8 36. Qe6 Qc8 37. Qxc8+ Rxc8 38. Nb6 Rc7 39. Re4 Rb7 40.
Nd5 Kf7 41. b4 e6 42. bxc5 dxc5 43. Ne3 Bxe3 44. Rxe3 c4 45. Rc3 Rc7 46. Kg4
Kf6 47. Kf3 e5 48. Ke4 exf4 49. Kxf4 h6 50. h3 Rc8 51. h4 Ke6 52. Ke4 h5 53.
Kf4 Kd5 54. Ke3 Ke5 55. Kd2 Ke4 56. Re3+ Kd4 57. Rf3 c3+ 58. Kc2 Re8 59. Rf4+
Re4 60. Rf6 Re2+ 61. Kc1 Re1+ 62. Kc2 Re2+ 63. Kc1 1/2-1/2

[Event "España ch Sel. Autonomicas"]
[Site "Calvia ESP"]
[Date "2007.05.05"]
[Round "4.14"]
[White "Fluvia Poyatos, Jordi"]
[Black "Gallardo Garcia, Andres"]
[Result "1/2-1/2"]
[PlyCount "59"]
[EventDate "2007.05.03"]
[EventType "team"]
[EventRounds "5"]
[EventCountry "ESP"]
[Source "lmi"]
[SourceDate "2007.05.03"]
[WhiteElo "2478"]
[BlackElo "2340"]

1. Nf3 Nf6 2. g3 g6 3. Bg2 Bg7 4. O-O O-O 5. d4 d6 6. a4 c5 7. dxc5 dxc5 8.
Qxd8 Rxd8 9. Ne5 Na6 10. Na3 Nd5 11. Nec4 Nab4 12. c3 Nc6 13. Nb5 Be6 14. Ne3
a6 15. Na3 Na5 16. Nxd5 Bxd5 17. Be3 b6 18. Bxd5 Rxd5 19. Rad1 Rad8 20. Rxd5
Rxd5 21. Rb1 Nb3 22. Kf1 f5 23. Ke1 Kf7 24. Rd1 Ke6 25. Bg5 Rxd1+ 26. Kxd1 Na5
27. Kc2 Nc6 28. f3 Kd5 29. b3 e6 30. Bd2 1/2-1/2

[Event "España ch Sel. Autonomicas"]
[Site "Calvia ESP"]
[Date "2007.05.05"]
[Round "4.15"]
[White "Rubio Mejia, Luis Ignacio"]
[Black "Aloma Vidal, Robert"]
[Result "1/2-1/2"]
[PlyCount "75"]
[EventDate "2007.05.03"]
[EventType "team"]
[EventRounds "5"]
[EventCountry "ESP"]
[Source "lmi"]
[SourceDate "2007.05.03"]
[WhiteElo "2265"]
[BlackElo "2321"]

1. d4 Nf6 2. c4 e6 3. Nc3 Bb4 4. e3 O-O 5. Bd3 d5 6. Nf3 c5 7. O-O dxc4 8. Bxc4
Nbd7 9. a3 Ba5 10. Qe2 a6 11. Bd3 b5 12. b4 cxd4 13. exd4 Bb6 14. Ne4 Bb7 15.
Bg5 Ra7 16. Rfd1 Kh8 17. Nc5 Bd5 18. Ne5 Qe8 19. Qe3 Nxe5 20. dxe5 Ng8 21. Qh3
f5 22. exf6 gxf6 23. Be3 Rg7 24. f3 Qc6 25. Be4 Bxe4 26. fxe4 Ra8 27. Qf3 a5
28. Kh1 axb4 29. axb4 Rxa1 30. Rxa1 Ra7 31. Rxa7 Bxa7 32. h3 Qd6 33. Qe2 Qc6
34. Qg4 Bxc5 35. Bxc5 Qd7 36. Bf8 Qf7 37. Bc5 Nh6 38. Qf4 1/2-1/2

[Event "España ch Sel. Autonomicas"]
[Site "Calvia ESP"]
[Date "2007.05.05"]
[Round "4.16"]
[White "Llaneza Vega, Patricia"]
[Black "Pascual Palomo, Lucia"]
[Result "1-0"]
[PlyCount "103"]
[EventDate "2007.05.03"]
[EventType "team"]
[EventRounds "5"]
[EventCountry "ESP"]
[Source "lmi"]
[SourceDate "2007.05.03"]
[WhiteElo "2249"]
[BlackElo "2112"]

1. e4 e6 2. d4 d5 3. Nd2 c5 4. Ngf3 Nc6 5. Bb5 Nf6 6. exd5 Nxd5 7. O-O Bd7 8.
dxc5 Bxc5 9. Ne4 Be7 10. c4 Nb6 11. c5 Nd5 12. Bc4 Bc8 13. Re1 O-O 14. a3 b6
15. b4 bxc5 16. Nxc5 Bf6 17. Ra2 Nce7 18. Bg5 Qb6 19. Bxf6 Nxf6 20. Rd2 Ned5
21. Qb3 Bb7 22. Ne5 Rfe8 23. Nxb7 Qxb7 24. b5 Rac8 25. Nc6 Qb6 26. a4 Qc7 27.
Rc2 Qb7 28. Rec1 Nb6 29. Be2 Qd7 30. h3 Nbd5 31. Bf3 Ra8 32. a5 Qb7 33. Qc4 Rf8
34. Qc5 Nd7 35. Qd6 N7f6 36. Rc5 h6 37. Nb4 Rad8 38. Nxd5 Nxd5 39. Qe5 Rd7 40.
a6 Qa8 41. Bxd5 exd5 42. Rc7 Rfd8 43. Qd4 Qb8 44. Rxd7 Rxd7 45. Rc5 Qd8 46. g3
g6 47. Rc6 Qe8 48. b6 axb6 49. Rxb6 Qe1+ 50. Kh2 Qa5 51. Rb8+ Rd8 52. a7 1-0

[Event "España ch Sel. Autonomicas"]
[Site "Calvia ESP"]
[Date "2007.05.05"]
[Round "4.21"]
[White "Rivas Pastor, Manuel"]
[Black "Vallejo Pons, Francisco"]
[Result "1/2-1/2"]
[PlyCount "40"]
[EventDate "2007.05.03"]
[EventType "team"]
[EventRounds "5"]
[EventCountry "ESP"]
[Source "lmi"]
[SourceDate "2007.05.03"]
[WhiteElo "2496"]
[BlackElo "2676"]

1. d4 Nf6 2. Nf3 e6 3. c4 d5 4. Nc3 c6 5. cxd5 exd5 6. Bf4 Bd6 7. Bxd6 Qxd6 8.
e3 O-O 9. Qc2 Bg4 10. Ne5 Bh5 11. Bd3 Bg6 12. O-O Nbd7 13. Nxd7 Qxd7 14. b4 Ne8
15. Bxg6 hxg6 16. b5 cxb5 17. Rfb1 Rc8 18. Qb3 Nf6 19. Nxb5 Ne4 20. Nxa7 Rc4
1/2-1/2

[Event "España ch Sel. Autonomicas"]
[Site "Calvia ESP"]
[Date "2007.05.05"]
[Round "4.22"]
[White "Bellon Lopez, Juan Manuel"]
[Black "Rodriguez Guerrero, Enrique"]
[Result "1/2-1/2"]
[PlyCount "77"]
[EventDate "2007.05.03"]
[EventType "team"]
[EventRounds "5"]
[EventCountry "ESP"]
[Source "lmi"]
[SourceDate "2007.05.03"]
[WhiteElo "2425"]
[BlackElo "2446"]

1. d4 d5 2. c4 c6 3. Nf3 Nf6 4. Nc3 e6 5. Bg5 Nbd7 6. cxd5 exd5 7. e3 Be7 8.
Bd3 Ne4 9. Bxe7 Qxe7 10. Bxe4 dxe4 11. Nd2 Nf6 12. Qc2 Bf5 13. h3 h6 14. Rc1
O-O 15. Qa4 Rfd8 16. b4 Nd5 17. Nxd5 cxd5 18. Nf1 Rac8 19. Rb1 Bd7 20. Qa5 Be8
21. b5 Rc2 22. Ng3 b6 23. Qa4 Rdc8 24. O-O a5 25. Qb3 R8c4 26. a4 Qd6 27. Ra1
g6 28. Qa3 Qc7 29. Rab1 R2c3 30. Rb3 Rc2 31. Re1 Kg7 32. Rbb1 R4c3 33. Rb3 Rc4
34. Rbb1 R4c3 35. Rb3 h5 36. Rxc3 Rxc3 37. Qa2 h4 38. Ne2 Rc4 39. Qa3 1/2-1/2

[Event "España ch Sel. Autonomicas"]
[Site "Calvia ESP"]
[Date "2007.05.05"]
[Round "4.23"]
[White "Fernandez Romero, Ernesto"]
[Black "Mascaro March, Pedro"]
[Result "1/2-1/2"]
[PlyCount "51"]
[EventDate "2007.05.03"]
[EventType "team"]
[EventRounds "5"]
[EventCountry "ESP"]
[Source "lmi"]
[SourceDate "2007.05.03"]
[WhiteElo "2437"]
[BlackElo "2371"]

1. e4 e5 2. Nf3 Nc6 3. Bb5 a6 4. Ba4 Nf6 5. O-O b5 6. Bb3 Bc5 7. c3 d6 8. a4
Bg4 9. h3 Bh5 10. d3 Rb8 11. axb5 axb5 12. Re1 Bb6 13. Nbd2 O-O 14. Nf1 h6 15.
Ng3 Bg6 16. Qe2 Nd7 17. Be3 Bxe3 18. Qxe3 Nc5 19. Bc2 Ne6 20. Bb3 b4 21. Ba4
Ne7 22. d4 bxc3 23. bxc3 exd4 24. cxd4 c5 25. Red1 Qb6 26. Bd7 1/2-1/2

[Event "España ch Sel. Autonomicas"]
[Site "Calvia ESP"]
[Date "2007.05.05"]
[Round "4.24"]
[White "Calzetta, Monica"]
[Black "Camacho Collados, Jose"]
[Result "1-0"]
[PlyCount "79"]
[EventDate "2007.05.03"]
[EventType "team"]
[EventRounds "5"]
[EventCountry "ESP"]
[Source "lmi"]
[SourceDate "2007.05.03"]
[WhiteElo "2340"]
[BlackElo "2308"]

1. e4 e5 2. Nf3 Nf6 3. Nxe5 d6 4. Nf3 Nxe4 5. Nc3 Nxc3 6. dxc3 Be7 7. Bf4 O-O
8. Qd2 Nd7 9. O-O-O Nc5 10. h4 Re8 11. Ng5 Bf6 12. f3 Be6 13. Bd3 h6 14. g4
Bxa2 15. Bh7+ Kf8 16. Bf5 Be5 17. Nh7+ Kg8 18. g5 h5 19. Rhg1 g6 20. Bxe5 Rxe5
21. Nf6+ Kg7 22. Bh3 Be6 23. f4 Ne4 24. Qd4 c5 25. Qxe5 dxe5 26. Rxd8 Rxd8 27.
Bxe6 Nxf6 28. gxf6+ Kxf6 29. Bc4 exf4 30. Rf1 Kf5 31. Bxf7 Rf8 32. Bd5 Kg4 33.
Bxb7 Kxh4 34. Kd2 g5 35. Rh1+ Kg3 36. Rg1+ Kh4 37. Rh1+ Kg4 38. Ke2 f3+ 39. Kf2
Rf4 40. Bc8+ 1-0

[Event "España ch Sel. Autonomicas"]
[Site "Calvia ESP"]
[Date "2007.05.05"]
[Round "4.25"]
[White "Camacho Collados, Marcos"]
[Black "Galiana Salom, Juan Ramon"]
[Result "1/2-1/2"]
[PlyCount "131"]
[EventDate "2007.05.03"]
[EventType "team"]
[EventRounds "5"]
[EventCountry "ESP"]
[Source "lmi"]
[SourceDate "2007.05.03"]
[WhiteElo "2180"]
[BlackElo "2245"]

1. e4 e6 2. d3 d5 3. Nd2 c5 4. Ngf3 Nc6 5. g3 Bd6 6. Bg2 Nge7 7. O-O O-O 8. Re1
a5 9. a4 b6 10. h4 f6 11. c3 Qc7 12. Nf1 Kh8 13. g4 Bd7 14. h5 dxe4 15. dxe4
Ne5 16. Nxe5 fxe5 17. Ne3 Ng8 18. Nc4 Be7 19. g5 b5 20. axb5 Bxb5 21. Na3 Ba6
22. Qg4 h6 23. Nc2 Bxg5 24. Bxg5 hxg5 25. Qxe6 Rf6 26. Qg4 Raf8 27. f3 Rh6 28.
Ne3 c4 29. Rad1 Nf6 30. Qxg5 Rxh5 31. Nd5 Qf7 32. Qg3 Nh7 33. Kf2 Rg5 34. Qh3
Bc8 35. Qh4 Bg4 36. Rh1 Bh5 37. Rh3 g6 38. Rg3 Qa7+ 39. Ne3 Rf4 40. Qh3 Rxg3
41. Rd8+ Nf8 42. Qxg3 Qb6 43. Rd2 Ne6 44. Qh3 Kh7 45. Re2 Rf7 46. Qh4 Nf4 47.
Bf1 Nxe2 48. Bxe2 Qxb2 49. Ng4 Qb6+ 50. Kg2 Qe6 51. Qh2 Rf4 52. Ne3 Qf6 53. Qg3
Qf8 54. Nxc4 Qd8 55. Nxe5 Qd2 56. Qf2 Rf8 57. Bb5 Qg5+ 58. Qg3 Qd2+ 59. Qf2
Qxc3 60. Qa7+ Kh6 61. Nf7+ Rxf7 62. Qxf7 Qb2+ 63. Kg3 Qxb5 64. Qf8+ Kh7 65.
Qf7+ Kh6 66. Qf8+ 1/2-1/2

[Event "España ch Sel. Autonomicas"]
[Site "Calvia ESP"]
[Date "2007.05.05"]
[Round "4.26"]
[White "Serrano Bozada, Esteban"]
[Black "Guadamuro Torrente, Ana Isabel"]
[Result "1-0"]
[PlyCount "45"]
[EventDate "2007.05.03"]
[EventType "team"]
[EventRounds "5"]
[EventCountry "ESP"]
[Source "lmi"]
[SourceDate "2007.05.03"]
[WhiteElo "2108"]
[BlackElo "2091"]

1. e4 e5 2. d4 exd4 3. Qxd4 Nc6 4. Qe3 Nf6 5. Bd2 Bb4 6. Nc3 O-O 7. O-O-O Re8
8. Bc4 Bxc3 9. Bxc3 Nxe4 10. Qf4 Nf6 11. Nh3 d6 12. Ng5 Be6 13. Bd3 h6 14. Nxe6
Rxe6 15. Bf5 Re8 16. g4 Ne5 17. h4 Nh7 18. Qd4 f6 19. f4 Nc6 20. Qd3 Nf8 21. g5
fxg5 22. Qd5+ Kh8 23. hxg5 1-0

[Event "España ch Sel. Autonomicas"]
[Site "Calvia ESP"]
[Date "2007.05.05"]
[Round "4.31"]
[White "Torres Sanchez, Jose"]
[Black "Salgado Lopez, Ivan"]
[Result "1/2-1/2"]
[PlyCount "95"]
[EventDate "2007.05.03"]
[EventType "team"]
[EventRounds "5"]
[EventCountry "ESP"]
[Source "lmi"]
[SourceDate "2007.05.03"]
[WhiteElo "2287"]
[BlackElo "2461"]

1. e4 e6 2. d4 d5 3. Nc3 Bb4 4. e5 Ne7 5. a3 Bxc3+ 6. bxc3 c5 7. h4 b6 8. a4
Ba6 9. Bb5+ Bxb5 10. axb5 Qc8 11. Ne2 a5 12. h5 h6 13. O-O Nd7 14. Ba3 O-O 15.
Qd3 Qc7 16. Nf4 Rfe8 17. Rfe1 Rac8 18. Qh3 Nf8 19. dxc5 bxc5 20. c4 dxc4 21.
Qc3 Nd7 22. Qxc4 Nxe5 23. Qc3 Nd7 24. Bb2 Nf5 25. Nd3 Nf6 26. Qxa5 Qxa5 27.
Rxa5 c4 28. Nb4 c3 29. Bc1 Rc4 30. Nc6 Nd5 31. Be3 Nfxe3 32. fxe3 Nb4 33. Ra4
Rxc6 34. bxc6 Nxc6 35. Rc4 Ne5 36. Rxc3 Rd8 37. Rc5 Ng4 38. e4 e5 39. Rd5 Rc8
40. Rc1 Rc4 41. Rd8+ Kh7 42. Rf8 Nf6 43. Rxf7 Nxh5 44. Kh2 Kg6 45. Re7 Nf6 46.
c3 Nxe4 47. Rxe5 Rxc3 48. Rxc3 1/2-1/2

[Event "España ch Sel. Autonomicas"]
[Site "Calvia ESP"]
[Date "2007.05.05"]
[Round "4.32"]
[White "Lariño Nieto, David"]
[Black "Cantero Navarro, Antonio"]
[Result "1-0"]
[PlyCount "75"]
[EventDate "2007.05.03"]
[EventType "team"]
[EventRounds "5"]
[EventCountry "ESP"]
[Source "lmi"]
[SourceDate "2007.05.03"]
[WhiteElo "2404"]
[BlackElo "2246"]

1. e4 e5 2. Nf3 Nc6 3. Nc3 Nf6 4. g3 d5 5. exd5 Nxd5 6. Bg2 Nxc3 7. bxc3 Bc5 8.
O-O O-O 9. Re1 Re8 10. d3 h6 11. d4 exd4 12. Rxe8+ Qxe8 13. cxd4 Qd8 14. Bb2
Be7 15. d5 Nb4 16. Qd4 Bf8 17. Rd1 Nxc2 18. Qa4 Bf5 19. Nh4 Bh7 20. d6 cxd6 21.
Be4 Bxe4 22. Qxe4 Rc8 23. Rc1 Qc7 24. Nf5 Qc4 25. Nd4 Qxa2 26. Qxb7 Nxd4 27.
Rxc8 Ne6 28. Qb4 d5 29. Kg2 Kh7 30. Qd2 d4 31. Qd3+ g6 32. Qf3 Qxb2 33. Qxf7+
Ng7 34. Rxf8 g5 35. Qe7 Qc2 36. Rf7 Qg6 37. Rf6 Qd3 38. h3 1-0

[Event "España ch Sel. Autonomicas"]
[Site "Calvia ESP"]
[Date "2007.05.05"]
[Round "4.33"]
[White "Ribes Peris, Alvaro"]
[Black "Reinaldo Castiñeira, Roi"]
[Result "0-1"]
[PlyCount "104"]
[EventDate "2007.05.03"]
[EventType "team"]
[EventRounds "5"]
[EventCountry "ESP"]
[Source "lmi"]
[SourceDate "2007.05.03"]
[WhiteElo "2139"]
[BlackElo "2452"]

1. d4 e6 2. c4 c5 3. e3 Nf6 4. Nc3 cxd4 5. exd4 d5 6. Nf3 Be7 7. Be2 dxc4 8.
Bxc4 O-O 9. O-O Nc6 10. Be3 b6 11. Qe2 Bb7 12. Rac1 Nb4 13. a3 Nbd5 14. Ba6
Bxa6 15. Qxa6 Qc8 16. Qxc8 Rfxc8 17. Nxd5 Nxd5 18. Rxc8+ Rxc8 19. Rc1 Rxc1+ 20.
Bxc1 b5 21. Ne5 Bd6 22. Bd2 Ne7 23. Nd3 Nc6 24. Bc3 f6 25. Kf1 a5 26. b4 a4 27.
Ke2 Kf7 28. Kf3 Ne7 29. Bd2 Nd5 30. Nc5 f5 31. h3 Nb6 32. Nd3 Nc4 33. Bc1 Ke7
34. g4 Bc7 35. gxf5 exf5 36. Nc5 Bd6 37. Bg5+ Kf7 38. Bc1 Kf6 39. h4 Kf7 40.
Ke2 g6 41. f4 Be7 42. h5 gxh5 43. Nd7 Ke6 44. Ne5 Nd6 45. Nf3 Kd5 46. Kd3 h4
47. Nd2 h3 48. Nf1 Nc4 49. Nh2 Bf6 50. Nf3 h6 51. Ke2 Bxd4 52. Kf1 Ke4 0-1

[Event "España ch Sel. Autonomicas"]
[Site "Calvia ESP"]
[Date "2007.05.05"]
[Round "4.34"]
[White "Paramos Dominguez, Roberto"]
[Black "Jordan Martinez, David"]
[Result "1-0"]
[PlyCount "33"]
[EventDate "2007.05.03"]
[EventType "team"]
[EventRounds "5"]
[EventCountry "ESP"]
[Source "lmi"]
[SourceDate "2007.05.03"]
[WhiteElo "2425"]
[BlackElo "2120"]

1. d4 d5 2. c4 dxc4 3. Nf3 Nf6 4. e3 e6 5. Bxc4 a6 6. O-O c5 7. Bb3 b6 8. Qe2
Bb7 9. Rd1 Nbd7 10. e4 cxd4 11. Nxd4 Qc7 12. Nc3 Be7 13. Bg5 Rc8 14. Rac1 Qb8
15. f4 h6 16. Bxf6 gxf6 17. Bxe6 1-0

[Event "España ch Sel. Autonomicas"]
[Site "Calvia ESP"]
[Date "2007.05.05"]
[Round "4.35"]
[White "Cucarella Montell, Angels"]
[Black "Caselas Cabanas, Jacobo"]
[Result "0-1"]
[PlyCount "76"]
[EventDate "2007.05.03"]
[EventType "team"]
[EventRounds "5"]
[EventCountry "ESP"]
[Source "lmi"]
[SourceDate "2007.05.03"]
[WhiteElo "1922"]
[BlackElo "2423"]

1. e4 e6 2. d4 d5 3. Nc3 Nf6 4. e5 Nfd7 5. f4 c5 6. Nf3 Nc6 7. Be3 a6 8. Qd2 b5
9. a3 Be7 10. Bd3 Qc7 11. Qf2 b4 12. axb4 Nxb4 13. Bb5 O-O 14. O-O cxd4 15.
Nxd4 Rb8 16. Ba4 Nb6 17. Bb3 Nc4 18. Bxc4 Qxc4 19. Qd2 Qc7 20. f5 exf5 21. Nxf5
Bxf5 22. Rxf5 Bc5 23. Rc1 Rfd8 24. Bd4 Qb6 25. Ne2 Nc6 26. c3 Qxb2 27. Qxb2
Rxb2 28. Bxc5 Rxe2 29. Ra1 a5 30. Bd4 Rb8 31. Raf1 Rbb2 32. Rg5 Nxd4 33. cxd4
a4 34. Rc1 h6 35. Rg3 a3 36. Rxa3 Rxg2+ 37. Kf1 Rxh2 38. Rc8+ Kh7 0-1

[Event "España ch Sel. Autonomicas"]
[Site "Calvia ESP"]
[Date "2007.05.05"]
[Round "4.36"]
[White "Redondo Arguelles, Graciela"]
[Black "Remoli Sargues, Lidia"]
[Result "1-0"]
[PlyCount "73"]
[EventDate "2007.05.03"]
[EventType "team"]
[EventRounds "5"]
[EventCountry "ESP"]
[Source "lmi"]
[SourceDate "2007.05.03"]
[WhiteElo "2104"]
[BlackElo "1902"]

1. e4 d5 2. exd5 Qxd5 3. Nc3 Qa5 4. Bc4 Nf6 5. d4 c6 6. Bd2 Bf5 7. Nf3 e6 8.
Qe2 Nbd7 9. d5 cxd5 10. Nxd5 Qd8 11. Nd4 Ne4 12. Nxf5 Nxd2 13. Kxd2 g6 14. Ng3
a6 15. Ke1 Bg7 16. c3 b5 17. Bb3 O-O 18. Ne3 Nc5 19. Rd1 Qa5 20. f3 Rfd8 21.
Kf2 f5 22. Nc2 Qb6 23. Ke1 Rxd1+ 24. Kxd1 Rd8+ 25. Kc1 a5 26. Nd4 Nxb3+ 27.
axb3 Bxd4 28. cxd4 Rxd4 29. Rd1 Rb4 30. Qd3 Qf2 31. Rd2 Qg1+ 32. Kc2 Kg7 33.
Qd7+ Kh6 34. Qxe6 Qc5+ 35. Kd1 Rd4 36. Qe3+ Kg7 37. Qxd4+ 1-0

[Event "España ch Sel. Autonomicas"]
[Site "Calvia ESP"]
[Date "2007.05.05"]
[Round "4.41"]
[White "Bolado Saez, Sergio"]
[Black "Gomez Esteban, Juan Mario"]
[Result "0-1"]
[WhiteElo "2368"]
[BlackElo "2508"]
[PlyCount "44"]
[EventDate "2007.05.03"]
[EventType "team"]
[EventRounds "5"]
[EventCountry "ESP"]
[Source "lmi"]
[SourceDate "2007.05.03"]

1. d4 Nf6 2. Nf3 e6 3. c4 b6 4. g3 Ba6 5. b3 Bb4+ 6. Bd2 Be7 7. Bg2 c6 8. Bc3
O-O 9. Nbd2 d5 10. O-O Nbd7 11. Re1 Bb7 12. Ne5 c5 13. Nxd7 Qxd7 14. e4 cxd4
15. Bxd4 Nxe4 16. Bxg7 Nxf2 17. Kxf2 Kxg7 18. Nf3 Qc7 19. Ne5 dxc4 20. Qg4+ Kh8
21. Qf4 cxb3 22. Ng6+ fxg6 0-1

[Event "España ch Sel. Autonomicas"]
[Site "Calvia ESP"]
[Date "2007.05.05"]
[Round "4.42"]
[White "Argandoña Rivero, Iñigo"]
[Black "Perez Lopez, Jesus Maria"]
[Result "1-0"]
[WhiteElo "2400"]
[BlackElo "2261"]
[PlyCount "39"]
[EventDate "2007.05.03"]
[EventType "team"]
[EventRounds "5"]
[EventCountry "ESP"]
[Source "lmi"]
[SourceDate "2007.05.03"]

1. d4 d5 2. c4 c6 3. Nf3 Nf6 4. Nc3 dxc4 5. a4 Bf5 6. e3 e6 7. Bxc4 Bb4 8. Qe2
O-O 9. O-O Bg6 10. Ne5 Nbd7 11. Nxg6 hxg6 12. Rd1 Qa5 13. Bd2 e5 14. d5 e4 15.
dxc6 bxc6 16. Nxe4 Nxe4 17. Bxb4 Qxb4 18. Rxd7 Rad8 19. Bxf7+ Kh7 20. Qg4 1-0

[Event "España ch Sel. Autonomicas"]
[Site "Calvia ESP"]
[Date "2007.05.05"]
[Round "4.43"]
[White "Ceballos Hornero, Daniel"]
[Black "Gonzalez De La Torre, Santiago"]
[Result "1/2-1/2"]
[WhiteElo "2193"]
[BlackElo "2388"]
[PlyCount "90"]
[EventDate "2007.05.03"]
[EventType "team"]
[EventRounds "5"]
[EventCountry "ESP"]
[Source "lmi"]
[SourceDate "2007.05.03"]

1. c4 e5 2. Nc3 Nf6 3. Nf3 Nc6 4. e3 Bb4 5. Qc2 Bxc3 6. Qxc3 Qe7 7. a3 d5 8. d4
exd4 9. Nxd4 Ne5 10. cxd5 O-O 11. Be2 Nxd5 12. Qc2 c5 13. Nf3 Bg4 14. Qe4 Bxf3
15. gxf3 Nf6 16. Qc2 c4 17. f4 Nd3+ 18. Bxd3 cxd3 19. Qxd3 Rfd8 20. Qe2 Qe4 21.
f3 Qg6 22. e4 Rac8 23. f5 Qh5 24. O-O h6 25. Bf4 Rd4 26. Rfe1 Rcd8 27. Rad1 Kh7
28. Rxd4 Rxd4 29. Be5 Qg5+ 30. Qg2 Rd2 31. Qxg5 hxg5 32. Rf1 Nh5 33. Rf2 Rd1+
34. Kg2 f6 35. Bg3 g6 36. fxg6+ Kxg6 37. Rc2 Rb1 38. Rd2 b5 39. h4 gxh4 40.
Bxh4 a5 41. Bg3 b4 42. axb4 axb4 43. e5 Nxg3 44. Kxg3 fxe5 45. f4 Kf5 1/2-1/2

[Event "España ch Sel. Autonomicas"]
[Site "Calvia ESP"]
[Date "2007.05.05"]
[Round "4.44"]
[White "Alonso Arburu, Juan Ignacio"]
[Black "Ruiz Marana, Alejandro"]
[Result "1-0"]
[WhiteElo "2337"]
[BlackElo "2134"]
[PlyCount "105"]
[EventDate "2007.05.03"]
[EventType "team"]
[EventRounds "5"]
[EventCountry "ESP"]
[Source "lmi"]
[SourceDate "2007.05.03"]

1. c4 e6 2. Nf3 f5 3. Nc3 Nf6 4. g3 b6 5. Bg2 Bb7 6. O-O Bb4 7. Qc2 O-O 8. a3
Bxc3 9. Qxc3 Qe8 10. b4 d6 11. d4 Nbd7 12. Bb2 Qh5 13. Rad1 Be4 14. Bc1 h6 15.
Rfe1 Rf7 16. Nd2 Bxg2 17. Kxg2 Ne4 18. Qf3 Qxf3+ 19. Nxf3 a5 20. b5 Ndf6 21. a4
Ng4 22. Rf1 Raf8 23. Ne1 Nc3 24. Rd2 e5 25. h3 Nf6 26. dxe5 dxe5 27. Bb2 Nfe4
28. Rc2 Nxa4 29. Bxe5 Re8 30. Nd3 Nac5 31. Bd4 Nxd3 32. exd3 Ng5 33. f4 Ne6 34.
Be5 Rd7 35. d4 Red8 36. Rd1 Kf7 37. Kf2 Nc5 38. Ke3 Nb7 39. g4 Nd6 40. Rb1 Nb7
41. Rb3 Ke6 42. c5 bxc5 43. dxc5 Rf7 44. c6 Nd6 45. b6 a4 46. Rb4 g5 47. Bxd6
Rxd6 48. b7 gxf4+ 49. Kf2 fxg4 50. b8=Q g3+ 51. Ke1 f3 52. Qe8+ Re7 53. Re4+
1-0

[Event "España ch Sel. Autonomicas"]
[Site "Calvia ESP"]
[Date "2007.05.05"]
[Round "4.45"]
[White "Gonzalez Merino, Alberto"]
[Black "Martin Alvarez, Iñigo"]
[Result "1-0"]
[WhiteElo "2167"]
[BlackElo "2173"]
[PlyCount "77"]
[EventDate "2007.05.03"]
[EventType "team"]
[EventRounds "5"]
[EventCountry "ESP"]
[Source "lmi"]
[SourceDate "2007.05.03"]

1. d4 d6 2. e4 Nf6 3. Bd3 e5 4. d5 Be7 5. h3 Nbd7 6. Be3 c6 7. c4 O-O 8. Nc3
cxd5 9. cxd5 Ne8 10. Qd2 a6 11. Nge2 b6 12. O-O Kh8 13. Kh2 Bb7 14. Rac1 Rc8
15. g4 b5 16. Ng3 Nc5 17. Bb1 b4 18. Nce2 a5 19. Nf5 Ba6 20. Nxe7 Qxe7 21. f4
exf4 22. Rxf4 Nf6 23. Ng3 Ne8 24. Nf5 Qd7 25. Bd4 f6 26. Rg1 g6 27. Nh6 Qe7 28.
g5 Nd7 29. Qf2 Ne5 30. Ng4 Kg7 31. Rg2 fxg5 32. Rxf8 Qxf8 33. Nxe5 Qxf2 34.
Rxf2 dxe5 35. Bxe5+ Kg8 36. Bc2 Rd8 37. Bb3 a4 38. Bxa4 Bd3 39. Bb3 1-0